000 00575nam a22002057a 4500
003 BD-ChCU
005 20260514110935.0
008 260514b ii ||||| |||| 00| 0 engd
020 _a9788177589573
040 _cBD-ChCU
082 _223
_a547.3 V878
100 _aFurniss, Brian S.
_923008
245 _aVogels textbook of practical organic chemistry /
_cBrian S Furniss ...(et.al.).
250 _a5ed.
260 _aChennai :
_bPearson,
_c1989
300 _a1514 P. :
504 _aIncludes.
650 0 _aOrganic chemistry ; Chemistry.
_923009
942 _2ddc
_cBK
_n0
999 _c112984
_d112984